000 00791nam a2200265Ia 4500
003 GCL
008 140319s9999 xx 000 0 ara d
040 _aGCL /
_cGCL
082 0 4 _a792.015
_bج م
100 1 _aجلال العشرى
245 1 0 _aالمسرح وجه وقناع /
_cجلال العشرى
260 _a[S.N] :
_bالهيئة المصرية العامة للكتاب ،
_c1988
300 _a247 ص
490 _a
650 0 4 _aمصر
650 0 4 _aالاخراج المسرحى
650 0 4 _aالمسرح
650 0 4 _aالمسرحيات
650 0 4 _aنقد
650 0 4 _aالجوانب الاجتماعية
650 0 4 _aالمسرحية
650 0 4 _aالممثلون والممثلات
650 0 4 _aالمسرحيات العربية
942 _2ddc
_cBK
999 _c28281
_d28281